| 000 | 00496nam a22001337a 4500 | ||
|---|---|---|---|
| 008 | 230515b |||||||| |||| 00| 0 eng d | ||
| 040 |
_aNational Science Library _cNational Science Library |
||
| 080 |
_a551.515.1(082.2) _bP1 |
||
| 245 |
_aConference on disaster management _c/ Lessons learnt from Orissa cyclone and Gujarat-Rajasthan drought 5-7 March, 2001 |
||
| 260 |
_aRajasthan: _bBirla Institute of Technology & Science, _c2001 |
||
| 300 | _a154p. | ||
| 650 | _aConference | ||
| 942 |
_2udc _cPR |
||
| 999 |
_c30213 _d30213 |
||